[Event "Titled Tuesday intern op 16th Apr Early"]
[Site "Chess.com INT"]
[Date "2024.04.16"]
[Round "7"]
[White "Gandhi, Shyam"]
[Black "Bueno, Alfeu Varela Jr"]
[Result "0-1"]
[WhiteElo "1908"]
[BlackElo "2140"]
[PlyCount "36"]
[EventDate "2024.04.16"]
[EventType "swiss (blitz)"]
[EventRounds "11"]
[EventCountry "USA"]
[SourceTitle "CB17_2024"]
[SourceDate "2024.04.24"]
[SourceVersion "1"]
[SourceVersionDate "2024.04.24"]
[SourceQuality "1"]

1. d4 e6 2. Nc3 Bb4 3. Qd3 f5 4. a3 Bxc3+ 5. Qxc3 Nf6 6. f3 0-0 7. Bg5 b6 8. 0-0-0 Bb7 9. Nh3 d6 10. Nf2 Nbd7 11. Qd3 Qe8 12. e4 fxe4 13. fxe4 e5 14. d5 Qg6 15. h4 Nc5 16. Qe3 Nfxe4 17. Bd3 Rxf2 18. h5 Qxg5 0-1

[Event "Titled Tuesday intern op 16th Apr Early"]
[Site "Chess.com INT"]
[Date "2024.04.16"]
[Round "6"]
[White "Ocido, Michael"]
[Black "Gandhi, Shyam"]
[Result "1-0"]
[WhiteElo "2087"]
[BlackElo "1908"]
[PlyCount "49"]
[EventDate "2024.04.16"]
[EventType "swiss (blitz)"]
[EventRounds "11"]
[EventCountry "USA"]
[SourceTitle "CB17_2024"]
[SourceDate "2024.04.24"]
[SourceVersion "1"]
[SourceVersionDate "2024.04.24"]
[SourceQuality "1"]

1. d4 Nf6 2. Nc3 d6 3. e4 c5 4. dxc5 Qa5 5. cxd6 Nxe4 6. Bd2 Nxd2 7. Qxd2 exd6 8. Nf3 Nc6 9. Bc4 Bg4 10. 0-0-0 0-0-0 11. Bxf7 Be7 12. Kb1 Bf6 13. Ne4 Be5 14. Nxe5 dxe5 15. Qxa5 Nxa5 16. f3 Rhf8 17. fxg4 Rxf7 18. Nd6+ Rxd6 19. Rxd6 Rf2 20. Rg1 Nc4 21. Rdd1 e4 22. b3 Na3+ 23. Kb2 Nb5 24. a4 Nc7 25. Rde1 1-0

[Event "Titled Tuesday intern op 09th Aug Late"]
[Site "Chess.com INT"]
[Date "2022.08.09"]
[Round "11"]
[White "Gandhi, Shyam"]
[Black "Peroza, Eduardo Antunes"]
[Result "0-1"]
[WhiteElo "1879"]
[BlackElo "2103"]
[PlyCount "78"]
[EventDate "2022.08.09"]
[EventType "swiss (blitz)"]
[EventRounds "11"]
[EventCountry "USA"]
[SourceTitle "EXT 2023"]
[Source "ChessBase"]
[SourceDate "2022.10.05"]
[SourceVersion "1"]
[SourceVersionDate "2022.10.05"]
[SourceQuality "1"]

1. c4 e5 2. Nc3 g6 3. g3 Bg7 4. Bg2 Ne7 5. e4 0-0 6. Nge2 c5 7. 0-0 Nbc6 8. d3 d6 9. f4 f5 10. Nd5 Nxd5 11. cxd5 Ne7 12. fxe5 Bxe5 13. d4 cxd4 14. Nxd4 Qb6 15. Be3 Qxb2 16. Qa4 b5 17. Qxb5 Bxd4 18. Qd3 Bxe3+ 19. Qxe3 Qb6 20. Qxb6 axb6 21. Rfb1 fxe4 22. Rxb6 Nxd5 23. Rxd6 Nf6 24. Rf1 Bf5 25. h3 Rxa2 26. g4 Ne8 27. Rd8 Be6 28. Bxe4 Rxf1+ 29. Kxf1 Kf7 30. Bc6 Nc7 31. Rh8 Bc4+ 32. Ke1 Ne6 33. Rxh7+ Kf6 34. h4 Nd4 35. g5+ Ke5 36. Be8 Re2+ 37. Kd1 Bb3+ 38. Kc1 Rc2+ 39. Kb1 Ba2+ 0-1

[Event "Titled Tuesday intern op 09th Aug Late"]
[Site "Chess.com INT"]
[Date "2022.08.09"]
[Round "1"]
[White "Plotnikov, Pavel"]
[Black "Gandhi, Shyam"]
[Result "1-0"]
[WhiteElo "2297"]
[BlackElo "1879"]
[PlyCount "99"]
[EventDate "2022.08.09"]
[EventType "swiss (blitz)"]
[EventRounds "11"]
[EventCountry "USA"]
[SourceTitle "EXT 2023"]
[Source "ChessBase"]
[SourceDate "2022.10.05"]
[SourceVersion "1"]
[SourceVersionDate "2022.10.05"]
[SourceQuality "1"]

1. e4 Nf6 2. e5 Nd5 3. d4 d6 4. Nf3 dxe5 5. Nxe5 c6 6. c4 Nb6 7. a4 a5 8. Be3 N8d7 9. Qb3 Nxe5 10. dxe5 Nd7 11. e6 fxe6 12. Nc3 Ne5 13. Rd1 Bd7 14. Bb6 Qc8 15. c5 g6 16. Be2 Bg7 17. f4 Nf7 18. Bc4 0-0 19. 0-0 Kh8 20. Rd2 Nh6 21. Rfd1 e5 22. Rxd7 exf4 23. Be6 Nf5 24. Rd8 Rxd8 25. Rxd8+ Qxd8 26. Bxd8 Bd4+ 27. Kh1 Rxd8 28. Bxf5 gxf5 29. h4 Bxc5 30. Qxb7 Rd2 31. Qxc6 Bf2 32. Qe8+ Kg7 33. Qxe7+ Kg8 34. Qe6+ Kg7 35. Qxf5 Bg3 36. Qxa5 Rxb2 37. Qe5+ Kg8 38. a5 Rc2 39. Qg5+ Kh8 40. Qf6+ Kg8 41. Qe6+ Kg7 42. Qe5+ Kg8 43. Qd5+ Kg7 44. Qd4+ Kg8 45. Qd3 Rc1+ 46. Nd1 Kg7 47. a6 Rc7 48. a7 Re7 49. Qc3+ Kf7 50. a8Q 1-0

[Event "Titled Tuesday intern op 09th Aug Late"]
[Site "Chess.com INT"]
[Date "2022.08.09"]
[Round "6"]
[White "Winterberg, Lukas"]
[Black "Gandhi, Shyam"]
[Result "1-0"]
[WhiteElo "2394"]
[BlackElo "1879"]
[PlyCount "45"]
[EventDate "2022.08.09"]
[EventType "swiss (blitz)"]
[EventRounds "11"]
[EventCountry "USA"]
[SourceTitle "EXT 2023"]
[Source "ChessBase"]
[SourceDate "2022.10.05"]
[SourceVersion "1"]
[SourceVersionDate "2022.10.05"]
[SourceQuality "1"]

1. g3 Nf6 2. Bg2 d6 3. c4 g6 4. Nc3 Bg7 5. Nf3 0-0 6. 0-0 c6 7. b3 Qa5 8. Bb2 Qh5 9. e3 Bh3 10. Nh4 Bxg2 11. Kxg2 Na6 12. d4 e5 13. Qxh5 Nxh5 14. Rad1 Rad8 15. f4 Rfe8 16. Kf2 Nf6 17. h3 Nb4 18. Rd2 exd4 19. exd4 c5 20. Rfd1 cxd4 21. Rxd4 Nd7 22. Rxd6 Nc5 23. Rxd8 1-0

[Event "Titled Tuesday intern op 02nd Aug Late"]
[Site "Chess.com INT"]
[Date "2022.08.02"]
[Round "8"]
[White "Gandhi, Shyam"]
[Black "Kohler, Aran"]
[Result "0-1"]
[WhiteElo "1879"]
[BlackElo "2121"]
[PlyCount "94"]
[EventDate "2022.08.02"]
[EventType "swiss (blitz)"]
[EventRounds "11"]
[EventCountry "USA"]
[SourceTitle "EXT 2023"]
[Source "ChessBase"]
[SourceDate "2022.10.05"]
[SourceVersion "1"]
[SourceVersionDate "2022.10.05"]
[SourceQuality "1"]

1. c4 e5 2. Nc3 Nf6 3. g3 d5 4. cxd5 Nxd5 5. Bg2 Nxc3 6. bxc3 Bd6 7. d4 exd4 8. cxd4 Bb4+ 9. Kf1 0-0 10. Rb1 Na6 11. a3 Ba5 12. Bxb7 Bxb7 13. Rxb7 Qd5 14. Qb3 Qxh1 15. f3 Bb6 16. Rxb6 axb6 17. h3 Rfe8 18. Qd5 Rad8 19. Qb5 Nb8 20. d5 Nd7 21. e4 Nc5 22. Qe2 f5 23. Bg5 Ra8 24. e5 Rxa3 25. Qb5 Ra1+ 26. Ke2 Qg2+ 27. Ke3 Qxg1+ 28. Kf4 Qc1+ 29. Kxf5 Qb1+ 30. Qxb1 Rxb1 31. f4 Rf8+ 32. Kg4 Rd1 33. Be7 Re8 34. Bg5 Rxd5 35. h4 g6 36. Bf6 Kf7 37. h5 Ne6 38. hxg6+ hxg6 39. Bh4 Ng7 40. Bf6 Nf5 41. Bg5 Rd3 42. Bh4 Rh8 43. e6+ Kxe6 44. Kh3 Rxh4+ 45. Kg2 Rd2+ 46. Kf3 Rh3 47. Kg4 Rxg3# 0-1

[Event "Titled Tuesday intern op 02nd Aug Late"]
[Site "Chess.com INT"]
[Date "2022.08.02"]
[Round "2"]
[White "Viana da Costa, Fernando"]
[Black "Gandhi, Shyam"]
[Result "0-1"]
[WhiteElo "2241"]
[BlackElo "1879"]
[PlyCount "56"]
[EventDate "2022.08.02"]
[EventType "swiss (blitz)"]
[EventRounds "11"]
[EventCountry "USA"]
[SourceTitle "EXT 2023"]
[Source "ChessBase"]
[SourceDate "2022.10.05"]
[SourceVersion "1"]
[SourceVersionDate "2022.10.05"]
[SourceQuality "1"]

1. e4 Nf6 2. e5 Nd5 3. d4 d6 4. Bc4 e6 5. Nf3 c5 6. dxc5 dxe5 7. Nxe5 Bxc5 8. 0-0 0-0 9. Bd3 Qh4 10. Nf3 Qh5 11. Nbd2 Nf4 12. Ne4 Nxd3 13. Qxd3 Nc6 14. c3 Rd8 15. Qe2 Ne5 16. Nxc5 Nxf3+ 17. Qxf3 Qxc5 18. Be3 Qb5 19. Qg3 e5 20. Bh6 g6 21. c4 Qxb2 22. Rab1 Qd4 23. Rbd1 Qxd1 24. Qxe5 Qd4 25. Qe7 Be6 26. Bg5 Re8 27. Qxb7 Bxc4 28. Rc1 Qd5 0-1

[Event "Titled Tuesday intern op 04th May"]
[Site "Chess.com INT"]
[Date "2021.05.04"]
[Round "7"]
[White "Finegold, Spencer"]
[Black "Gandhi, Shyam"]
[Result "1-0"]
[WhiteElo "2090"]
[BlackElo "1879"]
[PlyCount "135"]
[EventDate "2021.05.04"]
[EventType "swiss (blitz)"]
[EventRounds "11"]
[EventCountry "USA"]
[SourceTitle "CBM 202 Extra"]
[Source "ChessBase"]
[SourceDate "2021.07.31"]
[SourceVersion "1"]
[SourceVersionDate "2021.07.31"]
[SourceQuality "1"]

1. e4 g6 2. d4 Bg7 3. Nc3 d6 4. h3 Nd7 5. Nf3 a6 6. a4 b6 7. Bd3 Bb7 8. Ne2 e5 9. c3 Ne7 10. Ng3 0-0 11. 0-0 f6 12. Re1 f5 13. Ng5 Rf6 14. exf5 gxf5 15. Nh5 Rg6 16. Nxg7 Kxg7 17. Qb3 Bd5 18. Bc4 Qg8 19. Bxd5 Qxd5 20. Qxd5 Nxd5 21. dxe5 dxe5 22. Nf3 Re8 23. Bd2 Rge6 24. c4 Ne7 25. Bc3 Nc6 26. Rad1 R8e7 27. g3 Kf8 28. Kg2 Rd6 29. Rxd6 cxd6 30. Nh4 Rf7 31. Rd1 Ke7 32. f3 Nf8 33. g4 fxg4 34. hxg4 Rf6 35. Nf5+ Kd7 36. b4 Ng6 37. a5 bxa5 38. b5 axb5 39. cxb5 Nce7 40. Nxe7 Kxe7 41. Bxa5 d5 42. b6 Nf4+ 43. Kf1 Ne6 44. Ke2 Nd4+ 45. Rxd4 exd4 46. b7 Rf8 47. Bc7 d3+ 48. Kd2 Ke6 49. b8Q Rxb8 50. Bxb8 Kf6 51. Bf4 Kg6 52. Kxd3 Kf6 53. Kd4 Ke6 54. Bg3 Kf6 55. Kxd5 Kg7 56. Ke5 Kh8 57. Kf5 h6 58. Kg6 Kg8 59. Kxh6 Kh8 60. Kg6 Kg8 61. Be1 Kh8 62. Bd2 Kg8 63. Bc1 Kh8 64. f4 Kg8 65. f5 Kh8 66. f6 Kg8 67. f7+ Kf8 68. Ba3# 1-0

[Event "Titled Tuesday intern op 04th May"]
[Site "Chess.com INT"]
[Date "2021.05.04"]
[Round "3"]
[White "Gandhi, Shyam"]
[Black "Bolanos, Fernando"]
[Result "0-1"]
[WhiteElo "1879"]
[BlackElo "2287"]
[PlyCount "108"]
[EventDate "2021.05.04"]
[EventType "swiss (blitz)"]
[EventRounds "11"]
[EventCountry "USA"]
[SourceTitle "CBM 202 Extra"]
[Source "ChessBase"]
[SourceDate "2021.07.31"]
[SourceVersion "1"]
[SourceVersionDate "2021.07.31"]
[SourceQuality "1"]

1. c4 c5 2. Nc3 Nc6 3. g3 e6 4. Bg2 Nge7 5. e4 g6 6. Nge2 Bg7 7. d3 0-0 8. 0-0 d6 9. Be3 a6 10. Qd2 Rb8 11. a4 Bd7 12. d4 b6 13. Rfd1 Na5 14. Qd3 Nc8 15. dxc5 bxc5 16. Bxc5 dxc5 17. Qxd7 Qxd7 18. Rxd7 Rxb2 19. Rc1 Nxc4 20. Rc7 Ne5 21. Rb1 Rxb1+ 22. Nxb1 Nd3 23. Nf4 Be5 24. Rxc8 Rxc8 25. Nxd3 Bd4 26. Bf1 c4 27. Nb4 a5 28. Nc2 e5 29. Nd2 c3 30. Nc4 Kg7 31. Nxa5 Ra8 32. Nc4 Rxa4 33. Bd3 f5 34. exf5 gxf5 35. Nd6 Kf6 36. Nxf5 Ba7 37. Kf1 e4 38. Bxe4 Rxe4 39. Nfe3 Bd4 40. Nd5+ Ke5 41. Nxd4 Kxd4 42. Nb4 Re8 43. Nc2+ Kd3 44. Nb4+ Kd2 45. Kg2 Rb8 46. Na2 c2 47. h4 Rb2 48. g4 Rxa2 49. g5 c1Q 50. Kg3 Qc6 51. f4 Ra3+ 52. Kg4 Qe6+ 53. Kh5 Qg6+ 54. Kg4 h5# 0-1

[Event "Titled Tuesday intern op 04th May"]
[Site "Chess.com INT"]
[Date "2021.05.04"]
[Round "11"]
[White "Kanyamarala, Tarun"]
[Black "Gandhi, Shyam"]
[Result "0-1"]
[WhiteElo "2369"]
[BlackElo "1879"]
[PlyCount "96"]
[EventDate "2021.05.04"]
[EventType "swiss (blitz)"]
[EventRounds "11"]
[EventCountry "USA"]
[SourceTitle "CBM 202 Extra"]
[Source "ChessBase"]
[SourceDate "2021.07.31"]
[SourceVersion "1"]
[SourceVersionDate "2021.07.31"]
[SourceQuality "1"]

1. d4 g6 2. e4 Bg7 3. Nc3 d6 4. Be3 a6 5. a4 e5 6. Nge2 exd4 7. Nxd4 Nf6 8. f3 Nbd7 9. Bc4 0-0 10. 0-0 Kh8 11. a5 Ne5 12. Ba2 Qe7 13. Bg5 h6 14. Be3 Bd7 15. Qd2 Nc6 16. Nxc6 Bxc6 17. Bxh6 Bxh6 18. Qxh6+ Nh7 19. Rad1 Qg5 20. Qxg5 Nxg5 21. Kf2 Rae8 22. Rd4 f5 23. exf5 gxf5 24. Rf4 Kg7 25. Rd1 Bxf3 26. gxf3 Nh3+ 27. Kg3 Nxf4 28. Kxf4 Rh8 29. Rg1+ Kf8 30. Kg3 c6 31. Bc4 d5 32. Bd3 f4+ 33. Kxf4 Rxh2 34. Rg6 Re7 35. Rf6+ Rf7 36. Rxf7+ Kxf7 37. Na4 Rh4+ 38. Ke5 Rxa4 39. Bf5 Rxa5 40. Be6+ Ke7 41. Bc8 Rb5 42. b3 Rb4 43. Bf5 b5 44. Bd3 a5 45. f4 a4 46. bxa4 bxa4 47. f5 a3 48. f6+ Kf8 0-1

[Event "Titled Tuesday intern op 04th May"]
[Site "Chess.com INT"]
[Date "2021.05.04"]
[Round "8"]
[White "Krzywda, Andrzej"]
[Black "Gandhi, Shyam"]
[Result "1-0"]
[WhiteElo "2115"]
[BlackElo "1879"]
[PlyCount "41"]
[EventDate "2021.05.04"]
[EventType "swiss (blitz)"]
[EventRounds "11"]
[EventCountry "USA"]
[SourceTitle "CBM 202 Extra"]
[Source "ChessBase"]
[SourceDate "2021.07.31"]
[SourceVersion "1"]
[SourceVersionDate "2021.07.31"]
[SourceQuality "1"]

1. e4 g6 2. Nc3 Bg7 3. f4 d6 4. Bc4 e6 5. d3 a6 6. Nf3 b5 7. Bb3 Ne7 8. 0-0 0-0 9. Qe1 Bb7 10. Qh4 c5 11. f5 exf5 12. Bg5 Nbc6 13. Nd5 Re8 14. Nf6+ Bxf6 15. Bxf6 h5 16. exf5 c4 17. fxg6 Qb6+ 18. Kh1 Nxg6 19. Qxh5 cxb3 20. Ng5 Re7 21. Qh6 1-0

[Event "Titled Tuesday intern op 6th Aug"]
[Site "Chess.com INT"]
[Date "2019.08.06"]
[Round "6"]
[White "Blagojevic, Tijana"]
[Black "Gandhi, Shyam"]
[Result "1-0"]
[WhiteElo "2155"]
[BlackElo "1909"]
[PlyCount "67"]
[EventDate "2019.08.06"]
[EventType "swiss (blitz)"]
[EventRounds "10"]
[EventCountry "USA"]
[SourceTitle "EXT 2021"]
[Source "ChessBase"]
[SourceDate "2020.10.23"]
[SourceVersion "1"]
[SourceVersionDate "2020.10.23"]
[SourceQuality "1"]

1. e4 g6 2. d4 Bg7 3. Nc3 d6 4. Nf3 Nd7 5. Be2 c5 6. d5 Ne5 7. Nd2 Nf6 8. h3 0-0 9. f4 Ned7 10. 0-0 Rb8 11. a4 a6 12. a5 e6 13. dxe6 fxe6 14. Nc4 d5 15. exd5 exd5 16. Nxd5 Nxd5 17. Qxd5+ Kh8 18. c3 Qh4 19. Nd6 Nf6 20. Nf7+ Kg8 21. Nh6+ Kh8 22. Nf7+ Kg8 23. Qb3 Rxf7 24. Bc4 Bxh3 25. Bxf7+ Kf8 26. Be6 Bxe6 27. Qxe6 Ng4 28. Qd6+ Kf7 29. Qc7+ Kf6 30. f5 Rc8 31. fxg6+ Ke6 32. Qf7+ Kd6 33. Rd1+ Kc6 34. Qd7# 1-0

[Event "Titled Tuesday intern op 6th Aug"]
[Site "Chess.com INT"]
[Date "2019.08.06"]
[Round "3"]
[White "Remizov, Yaroslav"]
[Black "Gandhi, Shyam"]
[Result "1-0"]
[WhiteElo "2357"]
[BlackElo "1909"]
[PlyCount "109"]
[EventDate "2019.08.06"]
[EventType "swiss (blitz)"]
[EventRounds "10"]
[EventCountry "USA"]
[SourceTitle "EXT 2021"]
[Source "ChessBase"]
[SourceDate "2020.10.23"]
[SourceVersion "1"]
[SourceVersionDate "2020.10.23"]
[SourceQuality "1"]

1. d4 g6 2. Bf4 Bg7 3. e3 d6 4. Nf3 c5 5. c3 Nd7 6. Be2 Ngf6 7. h3 0-0 8. 0-0 Rb8 9. a4 a6 10. a5 Re8 11. Bh2 e5 12. Re1 Qc7 13. dxe5 Nxe5 14. Nbd2 Qc6 15. Nxe5 dxe5 16. Bf3 Qc7 17. Nc4 Nd7 18. Nd6 Re6 19. Nxc8 Rxc8 20. Bd5 Re7 21. c4 Rd8 22. Qb3 Nf6 23. e4 Nxd5 24. cxd5 c4 25. Qc3 Qc5 26. Rec1 Rc8 27. Ra4 Qb5 28. Rxc4 Rxc4 29. Qxc4 Qxa5 30. Qc8+ Bf8 31. d6 Re6 32. Qxb7 Bxd6 33. Bg3 Qd2 34. Qc8+ Kg7 35. Rc2 Qe1+ 36. Kh2 Qxe4 37. Rc6 h5 38. f3 Qd4 39. Qxa6 h4 40. Bxh4 e4+ 41. Bg3 Bxg3+ 42. Kxg3 Qe5+ 43. f4 Qd4 44. Rxe6 Qe3+ 45. Kh2 Qxf4+ 46. Kg1 Qe3+ 47. Kh2 Qf4+ 48. Kg1 Qc1+ 49. Qf1 Qe3+ 50. Qf2 Qxf2+ 51. Kxf2 fxe6 52. Ke3 Kf7 53. Kxe4 Ke7 54. Ke5 Kd7 55. g4 1-0

[Event "Titled Tuesday intern op1 2nd Aug"]
[Site "Chess.com INT"]
[Date "2016.08.02"]
[Round "4"]
[White "Costa, Paulo Cesar"]
[Black "Gandhi, Shyam"]
[Result "0-1"]
[WhiteElo "1974"]
[BlackElo "1883"]
[PlyCount "42"]
[EventDate "2016.08.02"]
[EventType "swiss (blitz)"]
[EventRounds "9"]
[EventCountry "USA"]
[SourceTitle "EXT 2021"]
[Source "ChessBase"]
[SourceDate "2020.10.23"]
[SourceVersion "1"]
[SourceVersionDate "2020.10.23"]
[SourceQuality "1"]

1. Nf3 d5 2. d4 Nf6 3. c4 e6 4. Nc3 c6 5. e3 Nbd7 6. Qc2 Bd6 7. b3 0-0 8. Be2 e5 9. cxd5 cxd5 10. dxe5 Nxe5 11. 0-0 Bg4 12. Nxe5 Bxe5 13. Bb2 Rc8 14. Bxg4 Bxh2+ 15. Kxh2 Nxg4+ 16. Kg3 Qg5 17. Kf3 d4 18. exd4 Rfe8 19. g3 Ne3 20. Ne4 Qf5+ 21. Kxe3 Rxc2 0-1

[Event "Titled Tuesday intern op1 2nd Aug"]
[Site "Chess.com INT"]
[Date "2016.08.02"]
[Round "9"]
[White "Huang, Andy"]
[Black "Gandhi, Shyam"]
[Result "1-0"]
[WhiteElo "2099"]
[BlackElo "1883"]
[PlyCount "83"]
[EventDate "2016.08.02"]
[EventType "swiss (blitz)"]
[EventRounds "9"]
[EventCountry "USA"]
[SourceTitle "EXT 2021"]
[Source "ChessBase"]
[SourceDate "2020.10.23"]
[SourceVersion "1"]
[SourceVersionDate "2020.10.23"]
[SourceQuality "1"]

1. e4 Nf6 2. e5 Nd5 3. d4 d6 4. c4 Nb6 5. exd6 exd6 6. Be3 Nc6 7. b3 Be7 8. Nd2 0-0 9. Ngf3 Bf6 10. Be2 Re8 11. 0-0 Bg4 12. Rc1 Rxe3 13. fxe3 Qe7 14. Rc3 Re8 15. h3 Nxd4 16. exd4 Bxf3 17. Nxf3 Qxe2 18. Qxe2 Rxe2 19. Rf2 Re8 20. Rcc2 c5 21. Rfe2 Rd8 22. Rcd2 Rc8 23. g4 h6 24. Kg2 d5 25. dxc5 Rxc5 26. Re8+ Kh7 27. cxd5 Nxd5 28. h4 Rc3 29. Rxd5 Rc2+ 30. Rd2 Rc5 31. Rb8 b6 32. Rb7 Bc3 33. Rc2 f6 34. Rxa7 b5 35. a4 b4 36. a5 Rd5 37. a6 Rd1 38. Ra2 Rb1 39. Re7 Rxb3 40. a7 Rb1 41. a8Q b3 42. Qe4+ 1-0

[Event "American op 51st U2200"]
[Site "Orange"]
[Date "2015.11.26"]
[Round "2"]
[White "Baradaran, Arman"]
[Black "Gandhi, Shyam"]
[Result "1-0"]
[WhiteElo "1889"]
[BlackElo "1899"]
[PlyCount "71"]
[EventDate "2015.11.26"]
[EventType "swiss"]
[EventRounds "8"]
[EventCountry "USA"]
[SourceTitle "EXT 2017"]
[Source "ChessBase"]
[SourceDate "2016.10.25"]
[SourceVersion "1"]
[SourceVersionDate "2016.10.25"]
[SourceQuality "1"]

1. d4 d5 2. c4 e5 3. dxe5 d4 4. Nf3 Nc6 5. Nbd2 Nge7 6. Nb3 Nf5 7. Bg5 Qd7 8. h3 h6 9. Bf4 a5 10. g4 a4 11. Nc1 Nfe7 12. Nd3 Ng6 13. Bg3 h5 14. gxh5 Rxh5 15. Bg2 Nce7 16. e6 Qxe6 17. Nxd4 Qxc4 18. e3 Rh8 19. Rc1 Qxa2 20. Rc2 Nf5 21. b4 Qa3 22. Nb5 Bxb4+ 23. Ke2 Qb3 24. Nxc7+ Ke7 25. Nxb4 Rd8 26. Nbd5+ Kf8 27. Nxa8 b6 28. Nac7 a3 29. Qd3 Qa4 30. Nxb6 Rxd3 31. Nxa4 Rd8 32. Rd1 Rxd1 33. Kxd1 Bd7 34. Nb6 Be6 35. Nxe6+ fxe6 36. Be4 1-0

[Event "US Open-115"]
[Site "Orlando"]
[Date "2014.07.31"]
[Round "3"]
[White "Perrine, Dalton"]
[Black "Gandhi, Shyam"]
[Result "1-0"]
[WhiteElo "2308"]
[BlackElo "1899"]
[PlyCount "37"]
[EventDate "2014.07.26"]
[EventType "swiss"]
[EventRounds "9"]
[EventCountry "USA"]
[SourceTitle "CBM 161 Extra"]
[Source "ChessBase"]
[SourceDate "2014.08.29"]
[SourceVersion "1"]
[SourceVersionDate "2014.08.29"]
[SourceQuality "1"]

1. d4 d5 2. c4 e6 3. Nc3 c6 4. e4 dxe4 5. Nxe4 Bb4+ 6. Bd2 Qxd4 7. Bxb4 Qxe4+ 8. Be2 Na6 9. Bd6 Bd7 10. Nf3 0-0-0 11. 0-0 f6 12. Bd3 Qg4 13. c5 Nc7 14. h3 Qh5 15. Qa4 a6 16. Qa5 Ne8 17. Qxa6 Nxd6 18. Qa8+ Kc7 19. cxd6+ 1-0